Gibraltar A-Z - Statistiken

Allgemein
  • Dieses Quiz wurde 29 mal gespielt
  • Das Durchschnittsergebnis liegt bei 12 aus 26
Antwortstatistiken
# Hinweis Antwort % Korrekt
E Amtssprache Englisch
89%
Q Hymne God Save the {Queen}
82%
S Nachbarland Spanien
82%
P Währung Gibraltar-{Pfund} |{Pfund} Sterling
79%
I Gibraltar liegt auf dieser Halbinsel {Iberische} Halbinsel
79%
V Gibraltar gehört zu diesem Land Vereinigtes Königreich
75%
M Land auf der anderen Seite der Straße von Gibraltar Marokko
68%
F 1982 wurde Gibraltar fast Schauplatz dieses Krieges {Falkland}krieg
64%
T Bedeutende Seeschlacht in der Nähe von Gibraltar 1805 Schlacht von {Trafalgar}
61%
N Gibraltar stellte eines der letzten Rückzugsgebiete dieser Menschenart dar Neanderthaler
57%
D Vor der Operation Torch errichtete dieser amerikanische General (und späterer US-Präsident) 1942 sein Hauptquartier in Gibraltar Dwight D. Eisenhower
50%
B Heimische Affenart {Berber}affe
46%
O Gibraltar hat vier Synagogen dieser jüdischen Glaubensrichtung {Orthodox}es Judentum
46%
X 2016 stimmten 95,9% der Bewohner Gibraltars dagegenEs stellte damit den am stärksten in diese Richtung neigenden Stimmbezirk dar Enthält ein X Brexit
43%
G Dieser deutsche Prinz eroberte 1704 Gibraltar für #V {Georg} von Hessen-Darmstadt
43%
R Fels von GibraltarEnglischer Name Upper {Rock}
43%
Z Bedeutung des spanischen Namens der Grenze"la verja" der {Zaun}
36%
H Der Fels von Gibraltar und der Dschebel Musa auf der anderen Seite der Straße von Gibraltar werden auch als folgendes bezeichnet Säulen des {Herakles}
29%
W Straße zwischen #S und GibraltarBerühmter Staatsmann aus #V {Winston Churchill} Avenue
29%
U #S trat Gibraltar 1713 in diesem Frieden an #V ab Friede von {Utrecht}
18%
L Angrenzende Stadt in #S La {Línea} de la Concepción
18%
A Stadt auf der anderen Seite der Bucht von Gibraltar Algeciras
14%
Y Gibraltar unterhält eine Städtepartnerschaft mit dieser nordirischen Stadt in der Grafschaft AntrimDer Name kommt vom gälischen An Baile Meánach, was "mittlere Stadt" bedeutet Enthält ein Y Ballymena
14%
J Bezeichnung des Felsen von Gibraltar zur Zeit von al-Andalus {Jabal} Ṭāriq
14%
C Lateinischer Name des Felsens von Gibraltar Mons {Calpe}
14%
K Katholische Kathedrale in GibraltarDeutscher Name Mariä {Krönung}
11%
Keine übereinstimmenden Quizze gefunden
Verteilung der Resultate
Anzahl Personen mit jedem Resultat
Perzentil nach korrekt beantworteten Fragen
Ihre Resultats-Entwicklung
Sie haben dieses Quiz noch nicht gespielt